000 00352nam a22001457a 4500
008 210308b ||||| |||| 00| 0 eng d
020 _a9781305874862
041 _aeng
080 _a336.2
082 _a336.2
100 _a55
101 _aTAKS
245 _aEssentials of Taxation : Individuals and Business Entities
_cRaabe,A.W
942 _2udc
_cBK
999 _c55942
_d55942